|
|
|
|
| LEADER |
01343nam a22003252a 4500 |
| 001 |
000756545 |
| 003 |
CZ BrMZK |
| 005 |
20110504150112.0 |
| 007 |
ta |
| 008 |
041220s1957 xr er|||||||||||cze d |
| 015 |
|
|
|a cnb000727665
|
| 035 |
|
|
|a (OCoLC)85699223
|
| 040 |
|
|
|a BOA001
|b cze
|
| 041 |
0 |
|
|a cze
|a rus
|
| 100 |
1 |
|
|a Tondlová-Čukičová, Milica,
|d 1929-
|7 jk01132769
|4 com
|
| 245 |
1 |
0 |
|a Textová cvičebnice ruského jazyka pro posluchače filosofie a psychologie s rusko-českým slovníčkem :
|b určeno pro posluchače fakulty filosoficko-historické /
|c podle sovětských pramenů sest. a slovníček vyprac. Milica Tondlová a Vlasta Vítková
|
| 250 |
|
|
|a Vydání 1.
|
| 260 |
|
|
|a Praha :
|b Státní pedagogické nakladatelství,
|c 1957
|
| 300 |
|
|
|a 316 s.
|
| 490 |
1 |
|
|a Učební texty vysokých škol
|
| 500 |
|
|
|a Rusko-český slovníček.
|
| 500 |
|
|
|a Rozmnoženo.
|
| 504 |
|
|
|a Obsahuje bibliografii.
|
| 700 |
1 |
|
|a Vítková, Vlasta,
|d 1921-
|7 jk01142547
|4 com
|
| 710 |
2 |
|
|a Univerzita Karlova.
|b Celouniverzitní katedra ruského jazyka
|
| 810 |
2 |
|
|a Univerzita Karlova.
|b Filologická fakulta.
|t Učební texty
|0 s
|
| 910 |
|
|
|a BOA001
|b PK-N-0002.631
|
| 964 |
|
|
|a Ruština - čítanky - školy vysoké
|
| 990 |
|
|
|a BK
|
| 996 |
6 |
|
|b BC-182202
|c PK-N-0002.631
|l MZK
|r Sklad / do 1 hodiny
|n 0
|w 000756545
|u 000010
|a 1
|e BOA001
|j MZK50
|s P
|